Towns compete for city status (Record no. 68647)

MARC details
000 -LEADER
fixed length control field 00867cam a2200193 4500
001 - CONTROL NUMBER
control field WB3740-12
008 - FIXED-LENGTH DATA ELEMENTS--GENERAL INFORMATION
fixed length control field 011024n2001 000 0 eng u
035 ## - SYSTEM CONTROL NUMBER
System control number (Sirsi) u115264
245 ## - TITLE STATEMENT
Title Towns compete for city status
260 ## - PUBLICATION, DISTRIBUTION, ETC.
Date of publication, distribution, etc. 2001
490 ## - SERIES STATEMENT
Series statement Lord Chancellor's Department Press Release
Volume/sequential designation (353/01) 22 October 2001 (3)
520 ## - SUMMARY, ETC.
Summary, etc. Forty two local authorities in the UK have applied for grant of city status to mark Her Majesty the Queen's Golden Jubilee. The competition for grant of city status was launched on 25 July 2001 with a closing date of 12 October. The full list of applications and further information on the competition is available at http://www.lcd.gov.uk/dept/depconmin.htm
590 ## - LOCAL NOTE (RLIN)
Local note WB
650 ## - SUBJECT ADDED ENTRY--TOPICAL TERM
Topical term or geographic name entry element CITY STATUS
650 ## - SUBJECT ADDED ENTRY--TOPICAL TERM
Topical term or geographic name entry element LOCAL AUTHORITIES
650 ## - SUBJECT ADDED ENTRY--TOPICAL TERM
Topical term or geographic name entry element APPLICATIONS
690 ## - LOCAL SUBJECT ADDED ENTRY--TOPICAL TERM (OCLC, RLIN)
Topical term or geographic name as entry element PROPERTY-PROPERTY DEVELOPMENT
942 ## - ADDED ENTRY ELEMENTS (KOHA)
Suppress in OPAC 0
Holdings
Withdrawn status Lost status Source of classification or shelving scheme Damaged status Not for loan Home library Current library Shelving location Date acquired Total Checkouts Full call number Barcode Date last seen Copy number Price effective from Koha item type
    Dewey Decimal Classification     London London News article 24/10/2001   WB3740-12 115264-1001 06/08/2019 1 06/08/2019 News article